| 000 | 00603nam a22001937a 4500 | ||
|---|---|---|---|
| 005 | 20170912165018.0 | ||
| 010 | _aENG-120263 | ||
| 020 |
_c1150.00 _a9789380930855 |
||
| 035 | _aEN-103795 | ||
| 037 | _bDBAD /PUB | ||
| 082 | _a954.0841 | ||
| 100 | _aSharma,Ramakant | ||
| 245 |
_aSoldiers of freedom movement / _cby Ramakant Sharma |
||
| 260 |
_aNew Delhi _bYking Books _c2012 |
||
| 270 |
_a18,jain Bhawan,Opp N.B.C. Shanti Nagar _bJaipur _e302006 |
||
| 300 |
_avi,304p. _c22cm(Hb) |
||
| 500 | _aIncludes bibliographical references and index | ||
| 942 |
_2ddc _cEN _h954.0841 _mSHA |
||
| 999 |
_c144412 _d144412 |
||